Consultation on outcome measures and prioritisation approaches for flood and coastal erosion risk management (Record no. 106283)

MARC details
000 -LEADER
fixed length control field 01533cam a2200205 4500
001 - CONTROL NUMBER
control field L136004
008 - FIXED-LENGTH DATA ELEMENTS--GENERAL INFORMATION
fixed length control field 070102n2006 000 0 eng u
035 ## - SYSTEM CONTROL NUMBER
System control number (Sirsi) u136004
041 0# - LANGUAGE CODE
Language code of text/sound track or separate title eng
050 04 - LIBRARY OF CONGRESS CALL NUMBER
Classification number 627.4 $2 18
110 1# - MAIN ENTRY--CORPORATE NAME
Corporate name or jurisdiction name as entry element United Kingdom
Subordinate unit Department for Environment, Food and Rural Affairs
245 00 - TITLE STATEMENT
Title Consultation on outcome measures and prioritisation approaches for flood and coastal erosion risk management
Medium [electronic resource]
260 ## - PUBLICATION, DISTRIBUTION, ETC.
Place of publication, distribution, etc. London
Name of publisher, distributor, etc. DEFRA
Date of publication, distribution, etc. 2006
505 ## - FORMATTED CONTENTS NOTE
Formatted contents note Summary of proposals and questions -- Background to the performance framework -- Outcome measure definitions -- Transitional arrangements -- Approach to setting targets -- Options for prioritisation -- Annex A: outcome measure definitions -- Annex B: prioritisation trialling -- Annex C: current prioritisation system -- Annex D: partial regulatory impact assessment (RIA) -- Annex E: organisations approached in this consultation -- Annex F: the government's six consultation criteria.
520 ## - SUMMARY, ETC.
Summary, etc. Aims to engage with all those who have an interest in developing Outcome Measures and prioritisation approaches for flood and coastal erosion risk management. A linked consultation on appraisal policy guidance is expected to be launched early in 2007.
651 #4 - SUBJECT ADDED ENTRY--GEOGRAPHIC NAME
Geographic name United Kingdom
Chronological subdivision
690 ## - LOCAL SUBJECT ADDED ENTRY--TOPICAL TERM (OCLC, RLIN)
Topical term or geographic name as entry element ENVIRONMENTAL AND LAND CONSULTANCY-WATER RESOURCE MANAGEMENT-FLOODING
856 40 - ELECTRONIC LOCATION AND ACCESS
Uniform Resource Identifier <a href="https://www.defra.gov.uk/corporate/consult/fm-outcomes/index.htm">https://www.defra.gov.uk/corporate/consult/fm-outcomes/index.htm</a>
Public note View the consultation paper free of charge at www.defra.gov.uk...
942 ## - ADDED ENTRY ELEMENTS (KOHA)
Suppress in OPAC 0
Holdings
Withdrawn status Lost status Source of classification or shelving scheme Damaged status Not for loan Home library Current library Shelving location Date acquired Total Checkouts Full call number Barcode Date last seen Copy number Price effective from Koha item type
    Dewey Decimal Classification     Virtual Virtual Online 02/01/2007   ONLINE PUBLICATION 136004-1001 06/08/2019 1 06/08/2019 Book